Statistiken für Länder des Fruchtbaren Halbmondes

Klicken Sie hier um das Quiz zu spielen!

Allgemein

  • Dieses Quiz wurde 5.345 mal gespielt
  • Das Durchschnittsergebnis liegt bei 8 aus 10

Antwortstatistiken

%Land% Korrekt
10Türkei
94%
80Irak
91%
5Iran
91%
90Syrien
90%
50Israel
88%
5Jordanien
84%
100Libanon
83%
15Ägypten
76%
30Kuwait
64%
100Zypern
49%

Verteilung der Resultate

Perzentil nach korrekt beantworteten Fragen

Anzahl Personen mit jedem Resultat

Ihre Resultats-Entwicklung

Sie haben dieses Quiz noch nicht gespielt